000 00423nam a2200169Ia 4500
001 54538
008 140505s9999 xx 000 0 und d
020 _a8170128935
040 _cPK-LaUMT
082 _a 348.5491022
_bGAN-I
100 _aGandhi, B. M.
245 _aInterpretation of statutes
_cGandhi, B. M.
260 _aLucknow,India:
_bEastern Book Company,
_c2006
300 _a217 p.
546 _aEN
942 _cBK
999 _c51941
_d51941